UBT Library

The great rights of mankind : (Record no. 41964)

000 -LEADER
fixed length control field 00880cam a2200253 a 4500
001 - CONTROL NUMBER
control field 2486988
005 - DATE AND TIME OF LATEST TRANSACTION
control field 20180207032444.0
008 - FIXED-LENGTH DATA ELEMENTS--GENERAL INFORMATION
fixed length control field 910516s1992 wiu b 001 0 eng
010 ## - LIBRARY OF CONGRESS CONTROL NUMBER
LC control number 91020991
020 ## - INTERNATIONAL STANDARD BOOK NUMBER
International Standard Book Number 0945612273 (cloth : alk. paper) :
Terms of availability 29.95
020 ## - INTERNATIONAL STANDARD BOOK NUMBER
International Standard Book Number 0945612281 (paper : alk. paper) :
Terms of availability $15.95
040 ## - CATALOGING SOURCE
Original cataloging agency DLC
Transcribing agency DLC
Modifying agency DLC
041 ## - LANGUAGE CODE
Language code of text/sound track or separate title eng
043 ## - GEOGRAPHIC AREA CODE
Geographic area code n-us---
080 ## - UNIVERSAL DECIMAL CLASSIFICATION NUMBER
Universal Decimal Classification number 342.73085 BER
082 00 - DEWEY DECIMAL CLASSIFICATION NUMBER
Classification number 342.73085 BER
-- 347.30285
Edition number 20
100 1# - Rafti
Rafti 15
101 ## - Shkurtesa
Shkurtesa JUR
245 14 - TITLE STATEMENT
Title The great rights of mankind :
Statement of responsibility, etc Bernard Schwartz.
504 ## - BIBLIOGRAPHY, ETC. NOTE
Bibliography, etc Includes bibliographical references (p. 269-294) and index.
906 ## - LOCAL DATA ELEMENT F, LDF (RLIN)
a 7
b cbc
c orignew
d 1
e ocip
f 19
g y-gencatlg
942 ## - ADDED ENTRY ELEMENTS (KOHA)
Source of classification or shelving scheme
Item type Books
Holdings
Withdrawn status Lost status Source of classification or shelving scheme Damaged status Not for loan Collection code Permanent location Current location Shelving location Date acquired Total Checkouts Full call number Barcode Date last seen Price effective from Koha item type
          Koleksioni i përgjithshem UBT - Lipjan UBT - Lipjan Koleksioni i përgjithshem 02/07/2018   342.73085 BER 002-2999014 02/07/2018 02/07/2018 Books
UBT Library © 2015-2024. All rights reserved University Education for Business and Technology